|
|
|
|
| LEADER |
00701cam a2200205 7i4500 |
| 001 |
0000038425 |
| 005 |
20110428090000.0 |
| 020 |
|
|
|a 1422133435 (pbk.)
|
| 020 |
|
|
|a 9781422133439 (pbk.)
|
| 090 |
0 |
0 |
|a HF5381
|b .H26 2010
|
| 245 |
0 |
0 |
|a Harvard Business Review on managing your career in tough times.
|
| 260 |
|
|
|a Boston, Mass.:
|b Harvard Business School Pub.,
|c 2010.
|
| 300 |
|
|
|a 174 p.;
|c 21 cm.
|
| 490 |
1 |
|
|a The Harvard Business Review paperback series
|
| 650 |
0 |
0 |
|a Career changes
|
| 650 |
0 |
0 |
|a Career development
|
| 650 |
0 |
0 |
|a Job security
|
| 650 |
0 |
0 |
|a Vocational guidance
|
| 999 |
|
|
|a 0000046774
|b BOK
|c OPEN SHELF
|e 1st Floor, Bestari Jaya
|
| 999 |
|
|
|a 0000046775
|b BOK
|c OPEN SHELF
|e 1st Floor, Shah Alam
|